000 00280nam a22001217a 4500
041 _aENG
100 _aDastane.S
245 _aMaharashtra 2002
260 _aPune
_bDastane Ramchandra Ain Comp
_c2001
300 _a330
650 _aCompetitive Exam
856 _uCompetitive Exam ( 35 )
999 _c964
_d964